书目信息 |
| 题名: |
梨树实用栽培新技术
|
|
| 作者: | 鲁韧强 编著 | |
| 分册: | ||
| 出版信息: | 北京 科学技术文献出版社 2008 |
|
| 页数: | 216页 | |
| 开本: | 21cm | |
| 丛书名: | ||
| 单 册: | ||
| 中图分类: | S661.2 | |
| 科图分类: | ||
| 主题词: | 梨--栽培 | |
| 电子资源: | ||
| ISBN: | 978-7-5023-5873-0 | |
| 000 | 00801nam0 2200229 45 | |
| 001 | 1050763125 | |
| 005 | 20100420093908.88 | |
| 010 | @a978-7-5023-5873-0@dCNY12.00 | |
| 100 | @a20100408d2008 ekmy0chiy0120 ea | |
| 101 | 0 | @achi |
| 102 | @aCN@b110000 | |
| 105 | @aa z 000yy | |
| 106 | @ar | |
| 200 | 1 | @a梨树实用栽培新技术@ALi Shu Shi Yong Zai Pei Xin Ji Shu@f鲁韧强[等]编著@FLu Ren Qiang [ Deng ] Bian Zhu |
| 210 | @a北京@c科学技术文献出版社@d2008 | |
| 215 | @a216页@c图@d21cm | |
| 330 | @a本书主要介绍了梨生产现状和发展趋势,梨树的生物学特性,梨主要种类和优新品种、苗木繁育、高标准梨园的建立、土肥水管理技术、梨树病虫害防治等内容 | |
| 606 | 0 | @a梨@x栽培 |
| 690 | @aS661.2@v4 | |
| 701 | 0 | @a鲁韧强@ALu Ren Qiang@4编著 |
| 801 | 0 | @aCN@bTANGWEI@c20100420 |
| 905 | @b0590280-83@dS661.2@e202@f4 | |
| 梨树实用栽培新技术/鲁韧强[等]编著.-北京:科学技术文献出版社,2008 |
| 216页:图;21cm |
| ISBN 978-7-5023-5873-0:CNY12.00 |
| 本书主要介绍了梨生产现状和发展趋势,梨树的生物学特性,梨主要种类和优新品种、苗木繁育、高标准梨园的建立、土肥水管理技术、梨树病虫害防治等内容 |
| ● |
| 相关链接 |
|
|
|
|
正题名:梨树实用栽培新技术
索取号:S661.2/202
 
预约/预借
| 序号 | 登录号 | 条形码 | 馆藏地/架位号 | 状态 | 备注 |
| 1 | 0590280 | 205902807 | 第二样本阅览室/ [索取号:S661.2/202] | 在馆 | |
| 2 | 0590281 | 205902816 | 第三借阅区/ [索取号:S661.2/202] | 在馆 | |
| 3 | 0590282 | 205902825 | 第三借阅区/ [索取号:S661.2/202] | 在馆 | |
| 4 | 0590283 | 205902834 | 第三借阅区/ [索取号:S661.2/202] | 在馆 |